| 000 | 00485nam a22001817a 4500 | ||
|---|---|---|---|
| 003 | CEME | ||
| 005 | 20210628203433.0 | ||
| 008 | 210121b xxu||||| |||| 00| 0 eng d | ||
| 020 | _a0-395-96715-5 | ||
| 040 | _c. | ||
| 082 | _a641.813 COW | ||
| 100 |
_aCowden, Lisa _965462 |
||
| 245 | _aLadle, leaf, and loaf, soup, salad, and bread for every season | ||
| 260 |
_aNEW YORK _bHOUGHTON MIFFLIN _c2000 |
||
| 300 | _a272P | ||
| 650 |
_aSOUPS, SALADS, BREAD _965463 |
||
| 942 |
_cBK _2ddc |
||
| 999 |
_c573662 _d573662 |
||